| 000 | 00712nam a2200205 a 4500 | ||
|---|---|---|---|
| 001 | 000033036 | ||
| 005 | 20240412074256.0 | ||
| 008 | 110808t1951 dr c 000 p spa d | ||
| 040 |
_aDO-SdBNP _bspa _cBNPHU |
||
| 082 |
_aRD861.42 _bE77r |
||
| 100 | 1 |
_aEspaillat D. de Ventura, Eva Ma. _958739 |
|
| 245 | 1 | 3 |
_aEl romancero de Trujillo / _cEva Ma. Espaillat D. de Ventura. |
| 260 |
_aCiudad Trujillo, República Dominicana : _bImpresora Dominicana, _c1951. |
||
| 300 |
_a53 p. ; _c22 cm. |
||
| 600 | 0 |
_aTrujillo Molina, Rafael Leónidas, _d1891-1961 _xPoesías _924080 |
|
| 650 | 0 |
_aPoesía dominicana _966 |
|
| 650 | 0 |
_aLiteratura dominicana. _967 |
|
| 910 | _aValidado. Control de calidad EMS. | ||
| 049 | _aBNPD | ||
| 999 |
_c32527 _d32527 |
||